Broad outlines of the National Overall Development Plan, 1961-1969. (Record no. 58159)

MARC details
000 -LEADER
fixed length control field 00634cam a22002171 4500
001 - CONTROL NUMBER
control field sa 64003866
003 - CONTROL NUMBER IDENTIFIER
control field DLC
005 - DATE AND TIME OF LATEST TRANSACTION
control field 20260227112020.0
008 - FIXED-LENGTH DATA ELEMENTS--GENERAL INFORMATION
fixed length control field 840427s1961 io f000 0 eng
010 ## - LIBRARY OF CONGRESS CONTROL NUMBER
LC control number sa 64003866
035 ## - SYSTEM CONTROL NUMBER
System control number (OCoLC)21725898
040 ## - CATALOGING SOURCE
Original cataloging agency DLC
Transcribing agency CU
Modifying agency DLC
042 ## - AUTHENTICATION CODE
Authentication code premarc
043 ## - GEOGRAPHIC AREA CODE
Geographic area code a-io---
050 00 - LIBRARY OF CONGRESS CALL NUMBER
Classification number HC447
Item number .A539
110 1# - MAIN ENTRY--CORPORATE NAME
Corporate name or jurisdiction name as entry element Indonesia.
Subordinate unit Dewan Perantjang Nasional.
245 10 - TITLE STATEMENT
Title Broad outlines of the National Overall Development Plan, 1961-1969.
260 ## - PUBLICATION, DISTRIBUTION, ETC.
Place of publication, distribution, etc. [Djakarta]
Name of publisher, distributor, etc. Secretariat, National Planning Council
Date of publication, distribution, etc. [1961?]
300 ## - PHYSICAL DESCRIPTION
Extent 43 p.
Dimensions 22 cm.
651 #0 - SUBJECT ADDED ENTRY--GEOGRAPHIC NAME
Geographic name Indonesia
General subdivision Economic policy

No items available.

Powered by Koha